000 00601nam a22001937a 4500
999 _c177082
_d177082
005 20210215112230.0
010 _aENG-129011
020 _a9789353901868
_c225.00
035 _aEN-112543
037 _bDBAD/PUB
082 _a378.54
245 _aHigher Education in India :politics and policies /
_cedited by V. Sivadasan and Abhilash Babu
260 _aKerala
_bCurrent Books
_c2019
270 _aKottayam
_bKerala
_e686001
300 _a208p.
_b21cm(pbk)
_cIncluding Index.
700 _aSivadasan,V.(Ed.)
700 _aAbhilash Babu.(Ed.)
942 _2ddc
_cEN
_h378.54
_mHIG